Stratu bonusu cítiť roky

Povinné zmluvné poistenie, havarijné poistenie motorových vozidiel a systém bonusov a malusov. Pripravovaná novela zákona o povinnom zmluvnom poistení úplne uvoľní určovanie cien poistného.

Gespeichert in:
Bibliographische Detailangaben
1. Verfasser: Onuferová, Marianna
Format: Buchkapitel
Sprache:Slowakisch
Schlagworte:
Tags: Tag hinzufügen
Keine Tags, Fügen Sie das erste Tag hinzu!

MARC

LEADER 00000naa a2200000 4500
001 r048281
005 20230908082516.8
041 0 |a slo 
044 |a SK 
245 1 0 |a Stratu bonusu cítiť roky  |c Marianna Onuferová 
520 |a Povinné zmluvné poistenie, havarijné poistenie motorových vozidiel a systém bonusov a malusov. Pripravovaná novela zákona o povinnom zmluvnom poistení úplne uvoľní určovanie cien poistného. 
610 2 0 |a poistenie havarijné 
610 2 0 |a poistenie povinné zmluvné 
610 2 0 |a automobily 
610 2 0 |a poistné 
100 1 |a Onuferová, Marianna